000 00400nam a2200133Ia 4500
003 GCL
008 140319s9999 xx 000 0 ara d
040 _aGCL /
_cGCL
082 0 4 _a811.2
_bم ن
245 1 0 _aالنظرة النبوية فى نقد الشعر نحو تأسيس منهج اسلامى فى الادب
260 _a[S.N] :
_bدار المنار ،
_c1992
300 _a101 ص
490 _a
999 _c35543
_d35543